Detalles MARC
| 000 -LÍDER |
| Campo fijo de descripción fija |
02004nam a22004697a 4500 |
| 001 - NÚMERO DE CONTROL |
| Campo de control |
768714001 |
| 003 - IDENTIFICADOR DEL NÚMERO DE CONTROL |
| Campo de control |
CO-MdFUSB |
| 005 - FECHA Y HORA DE LA ULTIMA TRANSACCIÓN |
| control field |
20230314120707.0 |
| 008 - ELEMENTOS DE LONGITUD FIJA -- INFORMACIÓN GENERAL |
| Campo fijo de descripción fija -- Información general |
230310t1998 -us||||g |||| 00| 0 eng d |
| 020 ## - NÚMERO INTERNACIONAL NORMALIZADO PARA LIBROS |
| Número Internacional Normalizado del libro |
1579101186 |
| 040 ## - FUENTE DE CATALOGACIÓN |
| Agencia de catalogación original |
CO-MdFUSB |
| Idioma de catalogación |
spa |
| Agencia que realiza la transcripción |
CO-MdFUSB |
| Agencia que realiza la modificación |
CO-MdFUSBC |
| Convenciones de la descripción |
rda |
| 041 ## - CÓDIGO DE IDIOMA |
| Código de idioma para texto/pista de sonido o título separado |
eng |
| 082 ## - NÚMERO DE CLASIFICACIÓN DECIMAL DEWEY |
| Número de la edición del Dewey |
23 |
| Número de clasificación |
220.13 |
| Clave de autor-Numero de item |
AU939 |
| 245 14 - TÍTULO |
| Título del Material |
The authoritative word |
| Parte restante del título - Subtitulo |
: essays on the nature of Scripture |
| Mención de responsabilidad, etc. |
/ editado por Donald K. McKim |
| 264 #1 - PRODUCCIÓN, PUBLICACIÓN, DISTRIBUCIÓN, MANUFACTURA, Y COPYRIGHT |
| Lugar de producción, publicación, distribución, manufactura |
Eugene, Oregon : |
| Nombre del productor, publicador, distribuidor |
Wipf and Stock Publishers, |
| Fecha de producción, publicación, distribución, manufactura, o copyright |
1998 |
| 264 #4 - PRODUCCIÓN, PUBLICACIÓN, DISTRIBUCIÓN, MANUFACTURA, Y COPYRIGHT |
| Fecha de producción, publicación, distribución, manufactura, o copyright |
©1998 |
| 300 ## - DESCRIPCIÓN FÍSICA |
| Extensión |
270 páginas |
| Dimensiones |
; 21 cm |
| 336 ## - TIPO DE CONTENIDO |
| Fuente |
rdacontent |
| Término de tipo de contenido |
texto |
| Código de tipo de contenido |
txt |
| 337 ## - TIPO DE MEDIO |
| Fuente |
rdamedia |
| Nombre del tipo de medio |
sin mediación |
| Código del tipo de medio |
n |
| 338 ## - TIPO DE SOPORTE |
| Fuente |
rdacarrier |
| Nombre del tipo de soporte |
volumen |
| Código Tipo de soporte |
nc |
| 504 ## - NOTA DE BIBLIOGRAFÍA, ETC. |
| Nota de bibliografía, etc |
Incluye bibliografía |
| 505 ## - NOTA DE CONTENIDO |
| Título |
1. Cómo se formaron las Escrituras<br/><br/> |
| Mención de responsabilidad |
/ Paul J. Achtemeier |
| 505 ## - NOTA DE CONTENIDO |
| Título |
2. Jesús y el Antiguo Testamento |
| Mención de responsabilidad |
/ Robert M. Grant |
| 505 ## - NOTA DE CONTENIDO |
| Título |
3. Pablo y el Antiguo Testamento |
| Mención de responsabilidad |
/ Robert M. Grant |
| 505 ## - NOTA DE CONTENIDO |
| Título |
4. La interpretación del Antiguo Testamento en el Nuevo<br/><br/> |
| Mención de responsabilidad |
/ C.K. Barrett |
| 505 ## - NOTA DE CONTENIDO |
| Título |
5. La tradición y el canon de las Escrituras<br/><br/> |
| Mención de responsabilidad |
/ F.F. Bruce |
| 505 ## - NOTA DE CONTENIDO |
| Título |
6. El concepto bíblico de revelación <br/><br/><br/> |
| Mención de responsabilidad |
/ Dewey M. Beegle |
| 505 ## - NOTA DE CONTENIDO |
| Título |
7. La Biblia <br/><br/> |
| Mención de responsabilidad |
/ Donald G. Miller |
| 505 ## - NOTA DE CONTENIDO |
| Título |
8. La primacía de las Escrituras <br/> |
| Mención de responsabilidad |
/ Donald G. Bloesch |
| 505 ## - NOTA DE CONTENIDO |
| Título |
9. El testimonio del Espíritu<br/><br/> |
| Mención de responsabilidad |
/ G. C. Berkouwer |
| 505 ## - NOTA DE CONTENIDO |
| Título |
10. La inspiración y la autoridad de la Santa Escritura<br/><br/> |
| Mención de responsabilidad |
/ H. N. Ridderbos |
| 505 ## - NOTA DE CONTENIDO |
| Título |
11. La doctrina de la iglesia de la Autoridad Bíblica <br/><br/> |
| Mención de responsabilidad |
/ Jack B. Rogers |
| 505 ## - NOTA DE CONTENIDO |
| Título |
12. El significado teológico de la crítica historial<br/> |
| Mención de responsabilidad |
/ James D. Smart<br/> |
| 505 ## - NOTA DE CONTENIDO |
| Título |
13. Escritura: protestante y católica vistas recientes <br/><br/> |
| Mención de responsabilidad |
/ Avery Dulles |
| 563 ## - NOTA DE ENCUADERNACIÓN |
| Nota de encuadernación |
Rústico |
| 650 #0 - ASIENTO SECUNDARIO DE MATERIA - TERMINO TEMÁTICO |
| 9 (RLIN) |
360 |
| Término temático o nombre geográfico como elemento de entrada |
Biblia |
| Término temático que sigue al nombre geográfico como elemento de entrada |
Evidencias, autoridad, etc. |
| 650 #0 - ASIENTO SECUNDARIO DE MATERIA - TERMINO TEMÁTICO |
| 9 (RLIN) |
16 |
| Término temático o nombre geográfico como elemento de entrada |
Biblia |
| 700 ## - ASIENTO SECUNDARIO - NOMBRE PERSONAL |
| 9 (RLIN) |
7963 |
| Nombre personal |
McKim, Donald K. |
| Responsabilidad |
editor |
| 942 ## - TIPO DE MATERIAL (KOHA) |
| Tipo de Item KOHA |
Libros General |
| 945 ## - INFORMACIÓN LOCAL DEL REGISTRO |
| Catalogador |
AF |